Statistics for Every Country's Biggest Non Capital City with a Map

Click here to take the quiz!

General Stats

  • This quiz has been taken 194 times
    (113 since last reset)
  • The average score is 61 of 194

Answers on the Map

Answers color-coded by a green-red scale on the quiz's map according to % correct below.
Loading ...
 

Answer Stats

CountryCapital City% Correct
United StatesNew York
95%
CanadaToronto
92%
SpainBarcelona
89%
IndiaMumbai
87%
AustraliaSydney
87%
United KingdomBirmingham
87%
ItalyMilan
86%
New ZealandAuckland
86%
PortugalPorto
85%
JapanOsaka
85%
BrazilSao Paulo
84%
FranceLyon
82%
TurkeyIstanbul
82%
EgyptAlexandria
82%
RussiaSaint Petersburg
81%
IrelandCork
81%
NetherlandsRotterdam
81%
MoroccoCasablanca
80%
SwitzerlandZurich
80%
MexicoGuadalajara
79%
ChinaGuangzhou
79%
SwedenGothenburg
78%
BelgiumAntwerp
77%
South AfricaJohannesburg
76%
TogoKara
76%
PakistanKarachi
75%
IsraelTel Aviv
75%
NorwayBergen
74%
VietnamHo Chi Minh City
74%
Sri LankaColombo
73%
GreeceThessaloniki
73%
South KoreaBusan
71%
NigeriaLagos
70%
United Arab EmiratesDubai
70%
Saudi ArabiaJeddah
69%
ColombiaMedellin
69%
GermanyKoln/Dusseldorf
67%
SyriaAleppo
66%
CroatiaSplit
66%
BangladeshChittagong
63%
TanzaniaDar es Salaam
63%
MyanmarYangon
63%
KazakhstanAlmaty
62%
UkraineKharkiv
60%
DenmarkAarhus
60%
AustriaGraz
60%
EcuadorGuayaquil
57%
RomaniaCluj-Napoca
57%
BelizeBelize City
57%
KenyaMombasa
56%
Czech RepublicBrno
56%
ArgentinaCordoba
55%
IndonesiaBandung
54%
Ivory CoastAbidjan
54%
PolandKatowice
52%
PhilippinesCebu
51%
LiechtensteinSchaan
49%
AlgeriaOran
49%
LithuaniaKaunas
47%
SerbiaNovi Sad
47%
BulgariaPlovdiv
47%
LibyaBenghazi
47%
MonacoMonte Carlo
46%
BoliviaSanta Cruz
45%
CameroonDouala
44%
SlovakiaKosice
44%
VenezuelaMaracaibo
44%
FinlandEspoo
43%
YemenAden
42%
IraqBasra
42%
IranMashhad
41%
ChileValparaiso
40%
CyprusLimassol
36%
Democratic Republic
of the Congo
Lubumbashi
35%
BelarusGomel
35%
AlbaniaDurres
35%
LebanonTripoli
35%
BurundiBujumbura
34%
Bosnia and
Herzegovina
Banja Luka
34%
MalaysiaGeorge Town
33%
BeninCotonou
33%
HungaryDebrecen
33%
Saint Vincent and the
Grenadines
Georgetown
33%
PeruArequipa
31%
MoldovaTiraspol
30%
TaiwanKaohsiung
30%
CubaSantiago de Cuba
30%
UzbekistanSamarkand
29%
SloveniaMaribor
29%
GhanaKumasi
27%
Republic of the CongoPointe Noire
27%
EstoniaTartu
26%
HondurasSan Pedro Sula
25%
AfghanistanHerat
24%
KyrgyzstanOsh
24%
SomaliaHargeisa
21%
CambodiaSiem Reap
21%
AzerbaijanGanja
21%
GeorgiaBatumi
20%
MalawiBlantyre
20%
SudanOmdurman
20%
North KoreaHamhung
16%
TunisiaSousse
16%
San MarinoSerravalle
16%
LuxembourgEsch-sur-Alzette
15%
PalauKoror
14%
ZimbabweBulawayo
14%
KosovoPrizren
14%
AngolaBenguela
14%
BahamasFreeport
14%
IcelandKopavogur
13%
NicaraguaLeon
12%
Equatorial GuineaBata
12%
Papua New GuineaLae
12%
ArmeniaGyumri
11%
SenegalTouba
11%
ParaguayCuidad del Este
10%
Federated States of
Micronesia
Weno
9%
Trinidad and TobagoChaguanas
9%
NepalPokhara
9%
Burkina FasoBobo-Dioulasso
8%
South SudanWau
8%
TurkmenistanTurkmenabat
8%
GabonPort-Gentil
8%
AndorraEscaldes-Engordany
8%
MauritaniaNouadhibou
8%
Central African RepublicBimbo
7%
MaltaSaint Paul's Bay
7%
BotswanaFrancistown
7%
UruguaySalto
7%
EswatiniManzini
7%
MongoliaErdenet
7%
MontenegroNiksic
7%
LaosSavannakhet
5%
ThailandChonburi
5%
BruneiKuala Belait
5%
Dominican RepublicSantiago de los Caballeros
5%
JordanZarqa
5%
DominicaPortsmouth
4%
BhutanPhuntsholing
4%
TajikistanKhujand
4%
MadagascarToamasina
4%
GuyanaLinden
4%
Antigua and BarbudaAll Saints
4%
BahrainMuharraq
4%
HaitiCarrefour
4%
NamibiaRundu
4%
Cape VerdeMindelo
4%
JamaicaPortmore
4%
El SalvadorSoyapango
3%
Costa RicaHeredia
3%
East TimorBaucau
3%
MaliSikasso
3%
TuvaluVaitupu
3%
OmanSeeb
3%
ZambiaKitwe
3%
North MacedoniaKumanovo
3%
MozambiqueMatola
3%
VanuatuLuganville
3%
LatviaDaugavplis
3%
NigerMaradi
3%
ChadMoundou
3%
GambiaBrikama
3%
Guinea-BissauGabu
3%
GuineaNzerekore
3%
GuatemalaMixco
3%
BarbadosSpeightstown
3%
GrenadaGouyave
3%
UgandaNansana
2%
TongaNeiafu
2%
SeychellesAnse Etoile
2%
ComorosMutsamudu
2%
RwandaGisenyi
2%
Marshall IslandsKwajalein
2%
MauritiusVacoas-Phoenix
2%
MaldivesFuvahmulah
2%
LesothoMaputsoe
2%
NauruMeneng
2%
KuwaitHawally
2%
KiribatiAbaiang
2%
PanamaSan Miguelito
2%
QatarAl Rayyan
2%
SamoaVaitele
2%
SurinameKoewarasan
2%
São Tomé and PríncipeTrindade
2%
Sierra LeoneKenema
2%
FijiLautoka
2%
EthiopiaNazret
2%
Solomon IslandsMalango
2%
EritreaKeren
2%
Saint Kitts and NevisFig Tree
2%
Saint LuciaBexon
2%
DjiboutiAli-Sabieh
2%
LiberiaGbarnga
2%

Score Distribution

Percentile by Number Answered

Percent of People with Each Score

Your Score History

You have not taken this quiz since the last reset